[Event "Doeberl Cup Premier"]
[Site "Canberra AUS"]
[Date "2011.04.21"]
[Round "1.2"]
[White "Arutinian,D"]
[Black "Hacche,D"]
[Result "1-0"]
[WhiteTitle "GM"]
[WhiteElo "2575"]
[BlackElo "2098"]
[WhiteFideId "13601741"]
[BlackFideId "3200175"]
[EventDate "2011.04.21"]
[EventType "swiss"]

1. d4 c5 2. d5 e5 3. e4 d6 4. Nc3 Be7 5. Bb5+ Nd7 6. Nf3 Nf6 7. a4 a6 8. Be2 Nf8
9. Nd2 Ng6 10. Nc4 O-O 11. a5 Ne8 12. Nb6 Rb8 13. Bg4 Bxg4 14. Qxg4 Nf6 15. Qh3
Qc7 16. O-O Rfd8 17. Bd2 Nd7 18. Nc4 Bf6 19. Qf3 Ndf8 20. g3 h6 21. Nd1 Nh7 22.
h4 Qd7 23. Ra3 Qh3 24. Qg2 Qxg2+ 25. Kxg2 h5 26. Nde3 Be7 27. f3 Bf8 28. b4 cxb4
29. Bxb4 Nf6 30. Rb3 Ne8 31. Bd2 Ne7 32. Rfb1 Rd7 33. Rb6 Nc8 34. Rxa6 Nc7 35.
Rc6 Na7 36. Rcb6 Na8 37. R6b3 Nc8 38. Na3 b6 39. Nec4 Rdb7 40. Be3 Be7 41. axb6 1-0

[Event "Doeberl Cup Premier"]
[Site "Canberra AUS"]
[Date "2011.04.21"]
[Round "1.3"]
[White "Matheson,L"]
[Black "Deviatkin,A"]
[Result "0-1"]
[BlackTitle "GM"]
[WhiteElo "2093"]
[BlackElo "2566"]
[WhiteFideId "3200264"]
[BlackFideId "4121260"]
[EventDate "2011.04.21"]
[EventType "swiss"]

1. d4 d5 2. c4 c6 3. cxd5 cxd5 4. Nc3 Nf6 5. Bf4 Nc6 6. e3 Bg4 7. Qb3 Na5 8.
Qa4+ Bd7 9. Qc2 e6 10. Nb5 Bb4+ 11. Kd1 O-O 12. a3 Rc8 13. Bc7 Qe7 14. Qa4 Bxb5
15. Bxb5 Qxc7 16. Qxb4 Qc2+ 17. Ke1 Nc4 18. Bxc4 Rxc4 19. Qxb7 Ne4 20. Ne2 Qd2+
21. Kf1 Rc2 22. Re1 Rxb2 23. Qa6 Qxe1+ 24. Kxe1 Rb1+ 25. Nc1 Rxc1+ 26. Ke2 Rxh1
27. f3 Nf6 28. Qxa7 h6 29. a4 Rc8 30. a5 Rc2+ 31. Kd3 Ra2 32. e4 dxe4+ 33. fxe4
Rd1+ 34. Ke3 Rda1 35. Qb8+ Kh7 36. Qc7 Ra3+ 37. Kf2 R1a2+ 0-1

[Event "Doeberl Cup Premier"]
[Site "Canberra AUS"]
[Date "2011.04.21"]
[Round "1.4"]
[White "Bojkov,D"]
[Black "Zulfic,F"]
[Result "1-0"]
[WhiteTitle "GM"]
[WhiteElo "2523"]
[BlackElo "2057"]
[WhiteFideId "2904292"]
[BlackFideId "3208427"]
[EventDate "2011.04.21"]
[EventType "swiss"]

1. e4 c5 2. c3 d5 3. exd5 Qxd5 4. Nf3 Nc6 5. d4 Bg4 6. Be2 cxd4 7. cxd4 e6 8.
Nc3 Qa5 9. O-O Nf6 10. Be3 Be7 11. a3 O-O 12. b4 Qd8 13. h3 Bh5 14. Qd2 Rc8 15.
Rfd1 Nxb4 16. Rdb1 Nc6 17. Rxb7 Na5 18. Rbb1 Bxf3 19. Bxf3 Nc4 20. Qc1 Qa5 21.
Rb3 Nd5 22. Nxd5 exd5 23. Qe1 Qa4 24. Rb7 Bf6 25. Bxd5 Nxe3 26. fxe3 Rce8 27.
Rb4 Qc2 28. e4 Bg5 29. Qg3 Qd2 30. Qf3 Rc8 31. Rf1 Rc3 32. Qxf7+ 1-0

[Event "Doeberl Cup Premier"]
[Site "Canberra AUS"]
[Date "2011.04.21"]
[Round "1.6"]
[White "Solomon,SJ"]
[Black "Schon,E"]
[Result "0-1"]
[WhiteTitle "IM"]
[WhiteElo "2398"]
[BlackElo "2157"]
[WhiteFideId "3200043"]
[BlackFideId "3205690"]
[EventDate "2011.04.21"]
[EventType "swiss"]

1. e4 c5 2. Nf3 d6 3. d4 cxd4 4. Nxd4 Nf6 5. Nc3 a6 6. Bg5 e6 7. f4 h6 8. Bh4
Be7 9. Qf3 Qc7 10. O-O-O Nbd7 11. Bd3 g5 12. fxg5 Ne5 13. Qe2 Nfg4 14. Nf3 hxg5
15. Bg3 b5 16. h3 Nxd3+ 17. Qxd3 Ne5 18. Nxe5 dxe5 19. Rhf1 f6 20. Nd5 exd5 21.
exd5 Qd6 22. Be1 Kf7 23. g4 Bd7 24. Rf3 Kg7 25. a3 a5 26. b4 a4 27. Bf2 Be8 28.
Bc5 Qd7 29. d6 Bd8 30. Qe3 Bg6 31. Qf2 Rb8 32. Rf1 Qe6 33. Kb2 Rb7 34. Rd1 Be4
35. Re3 Bc6 36. Rc3 Kg8 37. Rd2 Rhh7 38. Re3 Rhf7 39. Qg3 Bb6 40. Rc3 Bxc5 41.
Rxc5 Be4 42. Qe3 Bg6 43. Rc6 Rfd7 44. Qc5 Bf7 45. Qc3 Kg7 46. Kc1 Rb8 47. Kd1
Rbd8 48. Qd3 Qa2 49. Ke1 e4 50. Qe3 Qa1+ 51. Ke2 Qe5 52. Qd4 Qh2+ 53. Kd1 Qh1+
54. Ke2 Qf3+ 55. Ke1 e3 0-1

[Event "Doeberl Cup Premier"]
[Site "Canberra AUS"]
[Date "2011.04.21"]
[Round "1.7"]
[White "Bennett,H"]
[Black "Goh Weiming"]
[Result "0-1"]
[BlackTitle "IM"]
[WhiteElo "2032"]
[BlackElo "2382"]
[WhiteFideId "4300734"]
[BlackFideId "5800706"]
[EventDate "2011.04.21"]
[EventType "swiss"]

1. e4 c5 2. Nc3 a6 3. f4 b5 4. g3 Bb7 5. Bg2 e6 6. Qe2 Nc6 7. Nf3 Nd4 8. Nxd4
cxd4 9. Nd1 Rc8 10. d3 Qc7 11. Bd2 Qxc2 12. Rc1 Qa4 13. Rxc8+ Bxc8 14. e5 Qc2
15. Rf1 Nh6 16. Qe4 Nf5 17. Bh3 Bc5 18. Bxf5 exf5 19. Qd5 O-O 20. Rf2 Be7 21.
Qf3 Qc7 22. Kf1 Bb7 23. Qh5 g6 24. Qh6 Qc2 25. Ke2 Re8 26. g4 Bb4 27. Ke1 Bf3
28. Rxf3 Qxd2+ 29. Kf1 Qxd1+ 30. Kg2 Qe2+ 0-1

[Event "Doeberl Cup Premier"]
[Site "Canberra AUS"]
[Date "2011.04.21"]
[Round "1.10"]
[White "Teichmann,E"]
[Black "Grigg,S"]
[Result "0-1"]
[WhiteTitle "FM"]
[WhiteElo "2371"]
[BlackElo "2012"]
[WhiteFideId "401269"]
[BlackFideId "3206360"]
[EventDate "2011.04.21"]
[EventType "swiss"]

1. b4 c5 2. bxc5 e5 3. e4 Nf6 4. Nc3 Bxc5 5. Bc4 O-O 6. Nf3 Nc6 7. O-O a6 8. d3
d6 9. Bg5 h6 10. Bh4 g5 11. Bg3 Bg4 12. h3 Bh5 13. Bh2 Bxf3 14. Qxf3 Nd4 15. Qd1
b5 16. Bd5 Rb8 17. Ne2 Nxd5 18. exd5 Nxe2+ 19. Qxe2 Bd4 20. Rac1 b4 21. h4 Kg7
22. Kh1 Qa5 23. Qf3 f5 24. Qh5 Qxd5 25. hxg5 Qe6 26. f4 hxg5 27. fxe5 Be3 28.
Qe2 f4 29. exd6 Rh8 30. Rf2 Rxh2+ 31. Kxh2 Rh8+ 32. Kg1 Qh6 0-1

[Event "Doeberl Cup Premier"]
[Site "Canberra AUS"]
[Date "2011.04.21"]
[Round "1.11"]
[White "Smirnov,Ant"]
[Black "Cheng,Bo"]
[Result "1/2-1/2"]
[BlackTitle "FM"]
[WhiteElo "2008"]
[BlackElo "2345"]
[WhiteFideId "3208923"]
[BlackFideId "4300033"]
[EventDate "2011.04.21"]
[EventType "swiss"]

1. e4 c6 2. d4 d5 3. Nc3 dxe4 4. Nxe4 Bf5 5. Ng3 Bg6 6. N3e2 e6 7. Nf4 Bd6 8.
Nxg6 hxg6 9. g3 Nd7 10. Bg2 Ngf6 11. Ne2 O-O 12. O-O Re8 13. Bf4 Bxf4 14. Nxf4
Qb6 15. Qd3 Rad8 16. Qc3 Rc8 17. Ne2 c5 18. Rac1 Qa6 19. Rfe1 c4 20. Qd2 Nb6 21.
c3 Red8 22. Qc2 Nbd5 23. a3 Rd6 24. Rcd1 b5 25. h3 Qb6 26. Qd2 Qb8 27. Nf4 Rd7
28. Nxd5 Nxd5 29. Qg5 Qb6 30. Qg4 Rcd8 31. h4 a6 32. Qe2 Nf6 33. Qf3 Kf8 34. Re2
Rd6 35. Rde1 Rb8 36. Bh3 Qc6 37. Qxc6 Rxc6 38. Bg2 Rd6 39. Re5 Nd7 40. R5e2 Nb6
41. Re5 Rbd8 42. R1e2 Ke7 43. Kf1 Kd7 44. Ke1 Kc7 45. Rc5+ Kb8 46. Rc6 Rxc6 47.
Bxc6 Kc7 48. Bg2 Nd7 49. Re3 Kd6 50. f4 Rb8 51. Kd1 Nb6 52. Kc2 Rh8 53. Bb7 Rb8
54. Bg2 a5 55. Re5 Nd7 56. Re1 f6 57. Be4 g5 58. hxg5 fxg5 59. f5 e5 60. dxe5+
Nxe5 61. Rd1+ Kc7 62. Rd5 Nd7 63. Bf3 Nf6 64. Re5 g4 65. Be2 Kd6 66. Re6+ Kd7
67. a4 bxa4 68. Bxc4 Rh8 69. Bb5+ Kd8 70. Bxa4 Rh3 71. Re3 Nh5 72. Re8+ Kc7 73.
Re7+ Kd6 74. Re6+ Kd5 75. Bc6+ Kc5 76. Be8 Nxg3 77. Rg6 Rh2+ 78. Kb3 Kd5 79.
Rxg4 Nxf5 80. Rg5 Ke6 81. Bd7+ Kxd7 82. Rxf5 a4+ 83. Kxa4 Rxb2 84. Rf7+ Kc6 85.
Rxg7 Rb1 86. Rg8 Kc7 87. Rg4 Kc6 88. Rc4+ Kd5 89. Rb4 Rc1 90. Kb3 Kc5 91. Rh4
Rb1+ 92. Kc2 1/2-1/2

[Event "Doeberl Cup Premier"]
[Site "Canberra AUS"]
[Date "2011.04.21"]
[Round "1.12"]
[White "Illingworth,M"]
[Black "Muller,J"]
[Result "1-0"]
[WhiteTitle "FM"]
[WhiteElo "2345"]
[BlackElo "2004"]
[WhiteFideId "3205207"]
[BlackFideId "3204960"]
[EventDate "2011.04.21"]
[EventType "swiss"]

1. c4 b6 2. Nc3 c5 3. Nf3 Bb7 4. e4 d6 5. d4 cxd4 6. Nxd4 Nf6 7. f3 e6 8. Be3
Be7 9. Be2 O-O 10. O-O a6 11. Qd2 Nbd7 12. Rfd1 Rc8 13. Rac1 Qc7 14. b4 Qb8 15.
Nb3 Bd8 16. Kh1 Bc7 17. Bf4 Ne5 18. Bxe5 dxe5 19. c5 b5 20. a4 Bc6 21. axb5 axb5
22. Qe1 Rfd8 23. Qf1 Qb7 24. Bxb5 Rxd1 25. Rxd1 Rb8 26. Bxc6 Qxb4 27. Qd3 h6 28.
Rb1 Qa3 29. Bb5 Rd8 30. Qc2 1-0

[Event "Doeberl Cup Premier"]
[Site "Canberra AUS"]
[Date "2011.04.21"]
[Round "1.13"]
[White "Guo,E"]
[Black "Akshat,Kh"]
[Result "0-1"]
[WhiteTitle "WFM"]
[BlackTitle "FM"]
[WhiteElo "1995"]
[BlackElo "2328"]
[WhiteFideId "3200795"]
[BlackFideId "5016541"]
[EventDate "2011.04.21"]
[EventType "swiss"]

1. e4 c5 2. Nf3 a6 3. d4 cxd4 4. Nxd4 e5 5. Nf3 Nc6 6. Bc4 h6 7. Nc3 Nf6 8. O-O
d6 9. h3 Be7 10. Be3 O-O 11. Nd2 b5 12. Bb3 Be6 13. f4 exf4 14. Bxf4 Nd4 15. Nd5
Nxb3 16. Nxe7+ Qxe7 17. axb3 d5 18. e5 Nd7 19. Nf3 f6 20. exf6 Rxf6 21. Nd4 Nc5
22. Nxe6 Qxe6 23. Qd4 Ne4 24. Be5 Rg6 25. c4 Re8 26. Bf4 dxc4 27. Rf3 cxb3 28.
Re1 Ng5 29. Rxe6 Nxf3+ 30. Kf2 Nxd4 31. Rxe8+ Kf7 32. Re4 Nc6 33. Re3 Rf6 34.
Kg3 Nd4 35. Re4 Nc6 36. Re3 Na5 37. Bc7 Nc4 38. Rxb3 Ke6 39. Bb8 Rf8 40. Ba7 Rf7
41. Bb8 Kd5 42. Kg4 Ke4 43. Rf3 Ne5+ 44. Kg3 Rxf3+ 45. gxf3+ Kf5 46. b4 Nc4 47.
Bc7 Ne5 48. Bd6 g6 49. h4 h5 0-1

[Event "Doeberl Cup Premier"]
[Site "Canberra AUS"]
[Date "2011.04.21"]
[Round "1.15"]
[White "Rout,I"]
[Black "Stojic,D"]
[Result "0-1"]
[BlackTitle "FM"]
[WhiteElo "1983"]
[BlackElo "2306"]
[WhiteFideId "3204200"]
[BlackFideId "3203689"]
[EventDate "2011.04.21"]
[EventType "swiss"]

1. Nf3 c5 2. c4 g6 3. g3 Bg7 4. Bg2 Nc6 5. Nc3 e5 6. d3 Nge7 7. Nd2 d6 8. Nf1
Rb8 9. Ne3 O-O 10. Ned5 a6 11. a4 Be6 12. O-O Qd7 13. Bg5 f6 14. Bd2 f5 15. Rb1
h6 16. Nb6 Qd8 17. Ncd5 g5 18. b4 cxb4 19. Bxb4 Nxb4 20. Rxb4 Nc6 21. Rb1 g4 22.
e3 h5 23. Qd2 h4 24. Nb4 Ne7 25. N6d5 Ng6 26. Nc3 Kh7 27. Nc2 Qe7 28. Rb6 f4 29.
exf4 exf4 30. Be4 fxg3 31. hxg3 hxg3 32. fxg3 Rxf1+ 33. Kxf1 Qf6+ 34. Kg1 Qxc3
35. Qh2+ Bh6 36. Rxd6 Qe5 37. Rxe6 Qxe6 38. Qh5 Rf8 39. Ne3 Kg7 40. Nf5+ Rxf5
41. Qxf5 Be3+ 42. Kf1 Qxf5+ 43. Bxf5 Ne5 44. Ke2 Bd4 45. Bc8 a5 46. Bxb7 Kf6 47.
Bc8 Ke7 0-1

[Event "Doeberl Cup Premier"]
[Site "Canberra AUS"]
[Date "2011.04.21"]
[Round "1.16"]
[White "Wallis,C"]
[Black "Liu,Yi"]
[Result "1/2-1/2"]
[WhiteTitle "FM"]
[WhiteElo "2305"]
[BlackElo "1972"]
[WhiteFideId "3204839"]
[BlackFideId "3210588"]
[EventDate "2011.04.21"]
[EventType "swiss"]

1. e4 e6 2. d4 d5 3. Nc3 Nf6 4. e5 Nfd7 5. f4 c5 6. Nf3 Nc6 7. Be3 a6 8. Qd2 b5
9. a3 Bb7 10. Ne2 Be7 11. g3 a5 12. c3 Nb6 13. Qc2 Nc4 14. Bf2 cxd4 15. Nexd4 b4
16. Nxc6 Bxc6 17. Nd4 Bd7 18. Bxc4 dxc4 19. axb4 axb4 20. O-O O-O 21. cxb4 Qc7
22. b5 Rab8 23. Rfc1 Bxb5 24. b3 c3 25. Nxb5 Rxb5 26. Ra7 Rb7 27. Qxc3 Qxc3 28.
Rxc3 Rxa7 29. Bxa7 Ra8 30. Bc5 Bxc5+ 31. Rxc5 h5 32. Rc2 Ra1+ 33. Kf2 Rb1 34.
Rc3 Rb2+ 35. Ke3 Rxh2 36. Kd4 h4 37. Kc5 Rh3 38. b4 hxg3 39. Rc2 Rh2 40. Rc3 Rh3
41. Rc2 Rh2 42. Rc3 Rh3 1/2-1/2

[Event "Doeberl Cup Premier"]
[Site "Canberra AUS"]
[Date "2011.04.21"]
[Round "1.17"]
[White "Jule,A"]
[Black "Sandler,L"]
[Result "1/2-1/2"]
[WhiteTitle "WIM"]
[BlackTitle "IM"]
[WhiteElo "1970"]
[BlackElo "2303"]
[WhiteFideId "3205517"]
[BlackFideId "3201805"]
[EventDate "2011.04.21"]
[EventType "swiss"]

1. d4 e6 2. Nf3 c5 3. e3 d5 4. a3 b6 5. b3 Nf6 6. Bd3 Bd6 7. Nbd2 O-O 8. e4 dxe4
9. Nxe4 Bb7 10. Nxd6 Qxd6 11. dxc5 Qxc5 12. Bb2 Nbd7 13. O-O Rac8 14. Re1 Rfd8
15. Ne5 Qd5 16. f3 Nc5 17. Bc4 Qxd1 18. Raxd1 Nd5 19. Kf2 a6 20. Bd4 b5 21. Bf1
f6 22. Ng4 Nd7 23. c4 bxc4 24. Bxc4 Kf7 25. Ne3 Nxe3 26. Rxe3 Ne5 27. Be2 Nc6
28. Bb6 Rxd1 29. Bxd1 Ne7 30. Rd3 Nd5 31. Ba7 Bc6 32. Rd2 Bb7 33. Be2 Rc3 34.
Bc4 Rc1 35. Bd4 Bc8 1/2-1/2

[Event "Doeberl Cup Premier"]
[Site "Canberra AUS"]
[Date "2011.04.21"]
[Round "1.19"]
[White "Kerr,B"]
[Black "Brown,An"]
[Result "0-1"]
[WhiteElo "1940"]
[BlackElo "2275"]
[WhiteFideId "3210057"]
[BlackFideId "3206513"]
[EventDate "2011.04.21"]
[EventType "swiss"]

1. Nf3 Nf6 2. g3 g6 3. b4 a5 4. b5 d5 5. Bb2 Bg7 6. Bg2 c5 7. bxc6 Nxc6 8. Na3
O-O 9. c4 d4 10. Nb5 e5 11. Ba3 e4 12. Ng5 Nb4 13. O-O Re8 14. d3 Bf5 15. Bxb4
axb4 16. Qc2 e3 17. fxe3 Ng4 18. Nxf7 Kxf7 19. c5 Kg8 20. Rxf5 gxf5 21. Nd6 Rf8
22. Bxb7 Ra7 23. Qc4+ Kh8 24. Qxb4 Nxe3 25. c6 Nd5 26. Qc5 Ra5 27. Nb5 Nc7 28.
Rb1 Rxb5 29. Rxb5 Nxb5 30. Qxb5 Qe7 31. Kf1 f4 0-1

[Event "Doeberl Cup Premier"]
[Site "Canberra AUS"]
[Date "2011.04.21"]
[Round "1.20"]
[White "Morris,J"]
[Black "Wang,O"]
[Result "1-0"]
[WhiteTitle "IM"]
[WhiteElo "2227"]
[BlackElo "1936"]
[WhiteFideId "3205800"]
[BlackFideId "3200361"]
[EventDate "2011.04.21"]
[EventType "swiss"]

1. d4 Nf6 2. c4 g6 3. Nf3 Bg7 4. Nc3 O-O 5. Bf4 d6 6. h3 c6 7. e3 a6 8. Be2 b5
9. O-O Bb7 10. Qb3 Qa5 11. a3 Nbd7 12. Bh2 Ra7 13. Qa2 bxc4 14. Bxc4 Nb6 15. Be2
c5 16. Rfc1 cxd4 17. b4 Qf5 18. Nxd4 Qd7 19. b5 Nfd5 20. Rab1 Nxc3 21. Rxc3 Be4
22. Rd1 axb5 23. Bxb5 Qb7 24. f3 Bd5 25. Qc2 Qa8 26. e4 Bb7 27. Nc6 Bxc6 28.
Rxc6 Nd7 29. a4 Rd8 30. Kh1 Ne5 31. Rc7 Bf6 32. Rc1 Rxc7 33. Qxc7 g5 34. Bg1 Kh8
35. a5 h5 36. Qa7 g4 37. Qxa8 Rxa8 38. a6 gxf3 39. a7 Rg8 40. g3 h4 41. g4 1-0

[Event "Doeberl Cup Premier"]
[Site "Canberra AUS"]
[Date "2011.04.21"]
[Round "1.21"]
[White "Kevork,Chris"]
[Black "Steadman,M"]
[Result "0-1"]
[BlackTitle "FM"]
[WhiteElo "1933"]
[BlackElo "2217"]
[WhiteFideId "3214079"]
[BlackFideId "4300548"]
[EventDate "2011.04.21"]
[EventType "swiss"]

1. d4 e6 2. Nf3 f5 3. g3 Nf6 4. Bg2 d5 5. O-O Bd6 6. c4 c6 7. Nbd2 b6 8. Ne5 Bb7
9. Qc2 Ne4 10. f3 Nxd2 11. Bxd2 O-O 12. Rad1 c5 13. e3 Qc7 14. Rfe1 Bxe5 15.
dxe5 Qxe5 16. Bc3 Qc7 17. cxd5 Bxd5 18. e4 fxe4 19. Rxe4 Nc6 20. Rh4 g6 21.
Qxg6+ hxg6 22. Rh8+ Kf7 23. Rh7+ Ke8 24. Rxc7 Rf7 25. Rxf7 Kxf7 26. b3 a5 27.
Bf1 a4 28. Bc4 axb3 29. axb3 Ne7 30. Rd2 Ra3 31. Bb2 Ra2 32. Kf2 Nf5 33. Ke2 Nd6
34. Kd3 b5 35. Bxd5 exd5 36. Be5 c4+ 37. bxc4 Rxd2+ 0-1

[Event "Doeberl Cup Premier"]
[Site "Canberra AUS"]
[Date "2011.04.21"]
[Round "1.22"]
[White "Oliver,G"]
[Black "Tan,Kev AUS"]
[Result "1/2-1/2"]
[WhiteElo "2214"]
[BlackElo "1930"]
[WhiteFideId "3203727"]
[BlackFideId "3209652"]
[EventDate "2011.04.21"]
[EventType "swiss"]

1. d4 Nf6 2. c4 e6 3. Nc3 Bb4 4. e3 b6 5. Bd3 Bb7 6. Nf3 O-O 7. O-O c5 8. Na4
cxd4 9. a3 Bd6 10. exd4 Bxf3 11. Qxf3 Nc6 12. Be3 e5 13. dxe5 Nxe5 14. Qe2 Nfg4
15. h3 Nxe3 16. Qxe3 Qh4 17. Qe4 Qh6 18. Rad1 Rae8 19. Qxh7+ Qxh7 20. Bxh7+ Kxh7
21. Rxd6 Nxc4 22. Rxd7 b5 23. Nc3 a6 24. a4 Nxb2 25. axb5 axb5 26. Nxb5 Rd8 27.
Rc7 Nd3 28. Rd1 f6 29. Nc3 Rfe8 30. f3 1/2-1/2

[Event "Doeberl Cup Premier"]
[Site "Canberra AUS"]
[Date "2011.04.21"]
[Round "1.23"]
[White "Oliver,S"]
[Black "Bliznyuk,A"]
[Result "0-1"]
[WhiteTitle "WFM"]
[WhiteElo "1925"]
[BlackElo "2196"]
[WhiteFideId "3204413"]
[BlackFideId "3202720"]
[EventDate "2011.04.21"]
[EventType "swiss"]

1. e4 c5 2. c3 d6 3. d4 Nf6 4. Bd3 Qc7 5. Nf3 e5 6. d5 Be7 7. Bb5+ Nbd7 8. Qe2
O-O 9. Bd3 Ne8 10. O-O g6 11. Bh6 Ng7 12. Ng5 Qd8 13. Qe3 Nf6 14. Be2 Nfh5 15.
Nh3 Bxh3 16. Qxh3 Nf4 17. Bxf4 exf4 18. Nd2 Bf6 19. a4 Re8 20. Qd3 Qe7 21. f3
Be5 22. Ra2 Rac8 23. c4 Bd4+ 24. Kh1 Qh4 25. Rd1 Re5 26. b3 Qxh2+ 27. Kxh2 Rh5# 0-1

[Event "Doeberl Cup Premier"]
[Site "Canberra AUS"]
[Date "2011.04.21"]
[Round "1.24"]
[White "Dragicevic,Do"]
[Black "Chen,Pengyu"]
[Result "1-0"]
[WhiteElo "2194"]
[BlackElo "1991"]
[WhiteFideId "3203328"]
[BlackFideId "3212092"]
[EventDate "2011.04.21"]
[EventType "swiss"]

1. e4 c5 2. Nc3 Nc6 3. g3 g6 4. Bg2 Bg7 5. d3 Nf6 6. Be3 d6 7. h3 O-O 8. f4 Ne8
9. Nf3 Rb8 10. O-O f5 11. exf5 gxf5 12. Qd2 Nf6 13. Rfe1 Bd7 14. Bf2 Re8 15. d4
cxd4 16. Nxd4 Nxd4 17. Bxd4 a6 18. Nd5 Nxd5 19. Bxd5+ e6 20. Bb3 Qe7 21. Rad1
Qf8 22. Kh2 d5 23. c4 Bc6 24. cxd5 Bxd5 25. Bxd5 exd5 26. Bxg7 Qxg7 27. Qxd5+
Kh8 28. Rxe8+ Rxe8 29. Rd2 Rg8 30. Qd4 Qxd4 31. Rxd4 Rc8 32. Rd2 Rc7 33. Kg2 Kg7
34. Kf3 Kf7 35. Rd6 Ke7 36. Rb6 Kd8 37. g4 Rf7 38. g5 Kc7 39. Re6 a5 40. h4 Kd7
41. Rh6 Kc8 42. h5 Kd8 43. Rb6 Kc7 44. g6 hxg6 45. hxg6 Rg7 46. Rf6 a4 47. Rf7+ 1-0

[Event "Doeberl Cup Premier"]
[Site "Canberra AUS"]
[Date "2011.04.21"]
[Round "1.25"]
[White "Cameron,Alistair"]
[Black "Hu,J"]
[Result "1-0"]
[WhiteElo "1921"]
[BlackElo "2190"]
[WhiteFideId "3209393"]
[BlackFideId "3204766"]
[EventDate "2011.04.21"]
[EventType "swiss"]

1. d4 d5 2. c4 c6 3. Nf3 Nf6 4. Nc3 e6 5. Bg5 Bb4 6. cxd5 exd5 7. Qc2 h6 8. Bd2
O-O 9. g3 Re8 10. a3 Bd6 11. Bg2 Bg4 12. O-O a5 13. Rfe1 Qe7 14. Nh4 Ne4 15.
Nxe4 dxe4 16. f3 g5 17. fxg4 gxh4 18. Bxh6 hxg3 19. h3 c5 20. d5 Nd7 21. Rf1 Qh4
22. Be3 Re5 23. Rad1 Nf6 24. Bf4 Rae8 25. Bxe5 Rxe5 26. Rf4 Rxd5 27. Rxd5 Bxf4
28. Rd8+ Kg7 29. Qxc5 Qh6 30. Qf8+ Kg6 31. Qxh6+ Bxh6 32. Bf1 Bc1 33. Kg2 Bxb2
34. a4 Be5 35. e3 b6 36. Bc4 Kg7 37. g5 Nh7 38. h4 Nf8 39. Re8 Ng6 40. h5 Nh4+
41. Kh1 f6 42. Rg8+ Kh7 43. g6+ Kh6 44. Rh8+ Kg5 45. g7 g2+ 46. Kg1 Kg4 47.
g8=Q+ Kf3 48. Qd5 Kxe3 49. Rd8 Kf3 50. Be2+ Ke3 51. Qd2# 1-0

[Event "Doeberl Cup Premier"]
[Site "Canberra AUS"]
[Date "2011.04.21"]
[Round "1.26"]
[White "Andersson,C"]
[Black "Yin,Wenlin"]
[Result "1-0"]
[WhiteTitle "WIM"]
[WhiteElo "2163"]
[BlackElo "1920"]
[WhiteFideId "1702947"]
[BlackFideId "3214001"]
[EventDate "2011.04.21"]
[EventType "swiss"]

1. e4 c5 2. Nf3 e6 3. Nc3 a6 4. Be2 d5 5. exd5 exd5 6. O-O Nf6 7. d4 cxd4 8.
Nxd4 Be7 9. Bg5 O-O 10. Bf3 Nc6 11. Re1 h6 12. Bh4 Re8 13. a3 Nxd4 14. Qxd4 Be6
15. Rad1 Qd7 16. Bg3 Rac8 17. h3 Rc4 18. Qxc4 dxc4 19. Rxd7 Nxd7 20. Bxb7 Nc5
21. Bd5 Rd8 22. Bxe6 fxe6 23. Rd1 Rxd1+ 24. Nxd1 Ne4 25. Be5 Kf7 26. Kf1 Bc5 27.
Ke2 g6 28. c3 Nf6 29. Ne3 Bxe3 30. Kxe3 Nd7 31. Kd4 Nb6 32. Bf4 g5 33. Bc1 Ke7
34. Kc5 Nd7+ 35. Kxc4 Kd6 36. f4 Nb6+ 37. Kd3 Kd5 38. fxg5 hxg5 39. Bxg5 e5 40.
b3 e4+ 41. Ke3 Nd7 42. c4+ Ke5 43. Bf4+ Kf5 44. g4+ 1-0

[Event "Doeberl Cup Premier"]
[Site "Canberra AUS"]
[Date "2011.04.21"]
[Round "1.29"]
[White "Setiabudi,A"]
[Black "Garner,D"]
[Result "0-1"]
[WhiteElo "1911"]
[BlackElo "2146"]
[WhiteFideId "3205282"]
[BlackFideId "405582"]
[EventDate "2011.04.21"]
[EventType "swiss"]

1. e4 c5 2. Nc3 d6 3. f4 g6 4. Nf3 Bg7 5. Bc4 Nc6 6. O-O e6 7. d3 Nge7 8. Qe1 h6
9. Nh4 Nd4 10. f5 Nxc2 11. Qd1 Bd4+ 12. Kh1 Nxa1 13. fxg6 fxg6 14. Qf3 Kd7 15.
Nb5 Be5 16. d4 cxd4 17. Nxg6 Nxg6 18. Bxe6+ Kc6 19. Bd5+ Kxb5 20. Qd3+ Kb6 21.
Bd2 a6 22. Rf7 Ka7 23. Qa3 Rf8 24. Ba5 Rxf7 25. Bxf7 Qf6 0-1

[Event "Doeberl Cup Premier"]
[Site "Canberra AUS"]
[Date "2011.04.21"]
[Round "1.30"]
[White "Morris,Mi2"]
[Black "Dale,Ari"]
[Result "1-0"]
[WhiteElo "2125"]
[BlackElo "1902"]
[WhiteFideId "3205819"]
[BlackFideId "3213145"]
[EventDate "2011.04.21"]
[EventType "swiss"]

1. e4 c6 2. d4 d5 3. e5 c5 4. dxc5 Nc6 5. Bb5 e6 6. Be3 Nh6 7. c3 Nf5 8. Bd4 Bd7
9. Bxc6 Bxc6 10. Nf3 Qc7 11. a4 Bd7 12. b4 a5 13. O-O axb4 14. cxb4 Nxd4 15.
Qxd4 Rxa4 16. Rxa4 Bxa4 17. Nc3 Bd7 18. Qe3 Be7 19. Nd4 O-O 20. Ncb5 Bxb5 21.
Nxb5 Qd7 22. Nd4 Ra8 23. Qc3 Qc7 24. f4 b6 25. c6 b5 26. Kh1 Rc8 27. Ra1 f6 28.
Ra6 fxe5 29. Nxb5 Qb8 30. Qxe5 Qxe5 31. fxe5 Bxb4 32. g3 h6 33. Kg2 g5 34. Kf3
h5 35. Nd6 Rc7 36. Rb6 Ba5 37. Rb8+ Kh7 38. Rb7 Kg6 39. Rxc7 g4+ 40. Ke2 Bxc7
41. Nb5 Bxe5 42. c7 Bxc7 43. Nxc7 Kf5 44. Ke3 Ke5 45. Nb5 Kf5 46. Kd4 h4 47. Nc3
hxg3 48. hxg3 Kf6 49. Nd1 Kf5 50. Ne3+ Kf6 51. Nxg4+ Kf5 52. Ne3+ Kf6 53. Ng4+
Kf5 54. Nf2 Kf6 55. g4 Kg6 56. Ke5 Kg5 57. Kxe6 d4 58. Ke5 d3 59. Ke4 d2 60. Kf3
Kg6 61. Ke2 1-0

[Event "Doeberl Cup Premier"]
[Site "Canberra AUS"]
[Date "2011.04.21"]
[Round "1.31"]
[White "Wyss,F"]
[Black "Mandla,B"]
[Result "0-1"]
[WhiteElo "1896"]
[BlackElo "2121"]
[WhiteFideId "3203450"]
[BlackFideId "3207170"]
[EventDate "2011.04.21"]
[EventType "swiss"]

1. d4 d5 2. c4 e6 3. Nc3 c5 4. Nf3 Nf6 5. Bg5 cxd4 6. Nxd4 e5 7. Nf3 d4 8. Nd5
Nc6 9. a3 Be6 10. e4 h6 11. Bh4 g5 12. Bg3 Nxe4 13. Bxe5 Nxe5 14. Qxd4 Nxf3+ 15.
gxf3 Bxd5 16. cxd5 Nf6 17. Bb5+ Nd7 18. O-O f6 19. Qg4 Bd6 20. Rfe1+ Be5 21. d6
a6 22. Qe6+ Kf8 23. Bxd7 Rh7 24. Ba4 Qxd6 25. Qf5 Rg7 26. Rad1 Bxh2+ 27. Kg2 Qf4
28. Qc5+ Kg8 29. Rd4 Qc7 30. Qd5+ Kh8 31. Rh1 g4 32. fxg4 Bf4 33. Qf5 Bg5 34.
Rhd1 Qe5 35. Qd3 f5 36. Bc2 Bf6 37. Rc4 b5 38. Qf3 Rag8 39. Rc6 Rxg4+ 0-1